Placemaking (Record no. 508939)

MARC details
000 -LEADER
fixed length control field 00855nam a2200265Ia 4500
003 - CONTROL NUMBER IDENTIFIER
control field OSt
005 - DATE AND TIME OF LATEST TRANSACTION
control field 20220925184826.0
008 - FIXED-LENGTH DATA ELEMENTS--GENERAL INFORMATION
fixed length control field 220923b |||||||| |||| 00| 0 eng d
037 ## - SOURCE OF ACQUISITION
Terms of availability General Book
040 ## - CATALOGING SOURCE
Original cataloging agency RTL
Transcribing agency RTL
Language of cataloging eng
041 ## - LANGUAGE CODE
Source of code eng
Language code of text/sound track or separate title eng
100 ## - MAIN ENTRY--PERSONAL NAME
Personal name Stea David
9 (RLIN) 231569
245 #0 - TITLE STATEMENT
Title Placemaking
Remainder of title Production of build environment in two culture
260 ## - PUBLICATION, DISTRIBUTION, ETC.
Place of publication, distribution, etc. Aldershot
Name of publisher, distributor, etc. Avebury Publishing Ltd.
Date of publication, distribution, etc. 1993
300 ## - PHYSICAL DESCRIPTION
Extent xv,382p
Dimensions cm.
490 ## - SERIES STATEMENT
Series statement Ethnoscapes : Current Challenges In the Environmental Social Sciences, 8
500 ## - GENERAL NOTE
General note Bib p. 324-62; Appendix p. 315-23
650 ## - SUBJECT ADDED ENTRY--TOPICAL TERM
Topical term or geographic name entry element Human Geography
9 (RLIN) 1464
700 ## - ADDED ENTRY--PERSONAL NAME
Personal name Turan Mete
9 (RLIN) 231570
942 ## - ADDED ENTRY ELEMENTS (KOHA)
Classification part U481:(G:55), N3
Koha item type General Books
Source of classification or shelving scheme Colon Classification (CC)

No items available.

Copyright @ Delhi University Library System